[Event "CAN-ch U14"]
[Site "Windsor"]
[Date "2015.07.08"]
[Round "4.25"]
[White "Jia, Chengming"]
[Black "Zhao, Harry"]
[Result "0-1"]
[WhiteElo "1641"]
[BlackElo "2010"]
[PlyCount "40"]
[EventDate "2015.07.06"]
[EventType "swiss"]
[EventRounds "7"]
[EventCountry "CAN"]
[SourceTitle "EXT 2022"]
[Source "ChessBase"]
[SourceDate "2021.10.06"]
[SourceVersion "1"]
[SourceVersionDate "2021.10.06"]
[SourceQuality "1"]

1. e4 d5 2. exd5 Qxd5 3. Nc3 Qa5 4. d4 Nf6 5. Nf3 Nc6 6. Bf4 Bg4 7. Be2 0-0-0 8. 0-0 Bxf3 9. Bxf3 Nxd4 10. Bg4+ e6 11. Bf3 Be7 12. Qd3 g5 13. Bxg5 Qxg5 14. Ne4 Nxf3+ 15. Qxf3 Nxe4 16. Qxe4 Rhg8 17. Rad1 Bd6 18. f4 Qg4 19. Qf3 Qxf3 20. Rxf3 Bc5+ 0-1